Normal view
MARC view
- English to Marathi
Entry Topical Term
001 - CONTROL NUMBER
- control field: 213077
003 - CONTROL NUMBER IDENTIFIER
- control field: OSt
005 - DATE AND TIME OF LATEST TRANSACTION
- control field: 20250916061317.0
008 - FIXED-LENGTH DATA ELEMENTS
- fixed length control field: 250916|| aca||aabn | a|a d
040 ## - CATALOGING SOURCE
- Original cataloging agency: OSt
- Transcribing agency: OSt
150 ## - HEADING--TOPICAL TERM
- Topical term or geographic name entry element: English to Marathi
670 ## - SOURCE DATA FOUND
- Source citation: Work cat.: (OSt)367799: Saraf R. S. 213076, Let's Learn Marathi: A Useful Book for Non-Marathi People to Learn Practical Marathi, 2024